00889nam a2200217 a 450000100100000000500170001000800410002702000150006804000250008308200160010810000320012424501310015626000820028730000200036950400300038959000270041970000230044671000710046995201140054099900170065400004296120201002040530.0140213s1993 cr 000 0 spa d a997706007x aDO-SdBNPbspacBNPHU axxxxbR541a1 aRico, José María92967413aLa administración de justicia en América Latina :buna introducción al sistema penal /cJosé María Rico, Luis Salas. aSan José, Costa Rica :bCentro para la Administración de Justicia,c1993. a56 p. ;c28 cm. aBibliografía : p. 54-56 aInventariado, 2019 /LP1 aSalas, Luis9704532 aCentro para la Administración de la Justicia (Costa Rica)970454 001050718MOaGRbGRcHDd2014-03-12iLF1l0oxxxx R541ap42961-10r2020-06-25w2020-06-25y1ZNo se presta c42450d42450